00381nam a2200133Ia 4500003000400000008004100004040001600045082001800061100002400079245005900103700002000162260003900182650002600221GCL140319s9999 xx 000 0 eng d aGCL / cGCL04a624.5183bW C1 aDOBROWOLSKI, JOSEPH10aCONCRETE CONSTRUCTION HANDBOOK / cDOBROWOLSKI, JOSEPH1 aWADDELL, JOSEPH a[S.N] : bMC GRAW - HILL ، c199304aCONCRETE CONSTRUCTION